000
00304nam a2200109Ia 4500
008
220204s9999 xx 000 0 und d
082
_a
NR:338.5
_b
ADA;1
100
_a
P F
245
0
_a
Memorandum on the fluctuations in the price of natural rubber
260
_a
Kuala Lumpur
_b
Govt Press
_c
1958
942
_c
BK
999
_c
19312
_d
19312